000 00584nam a2200193Ia 4500
003 GCL
008 140319s9999 xx 000 0 eng d
040 _aGCL /
_cGCL
082 0 4 _a560.9989
_bT A
100 1 _aTAYLOR, THOMASN.
245 1 0 _aANTARCTIC PALEABIOLOGY: ITS BALE IN THE BECONSTRUCTION OF GONDWANA /
_cTAYLOR, THOMASN.
700 1 _aTAYLOR, EDITHL
260 _a[S.N] :
_bSPRINGER - VERLAG ،
_c1989
300 _a261 P
650 0 4 _aPALEOBOTANY ANTARCTIC REGIONS
650 0 4 _aPOLYMLOGY ANTARCTIC RAGIONS
650 0 4 _aGONDWANA GEOBOGY CONGRESSES
942 _2ddc
_cBK
999 _c10853
_d10853